Jane The Virgin General Knowledge (season 1-3) - Statistics

General Stats
  • This quiz has been taken 1,673 times
  • The average score is 7 of 15
Answer Stats
Hint Answer % Correct
How old was Xiomara when she got pregnant with Jane? 16
99%
Who shoots Michael? Rose
74%
Who is sin rostro? Rose
74%
What does Jane's dad do for work? Telenovela star
65%
What is Jane's favourite food? Grilled cheese
62%
Who is Rafael's sister? Luisa
60%
How many times do Xiomara and Bruce break up? 4
58%
What career does Michael want to change to? Law
49%
Who is Petra's ex boyfriend? Milos
49%
Who always wears a vest? Scott
40%
How did Jane meet Michael? Her 21st Birthday
39%
Where does Jane work? The Marbella
26%
How did Jane get pregnant? Artificially inseminated
17%
How does Petra become pregnant? Inseminates herself
8%
What does Petra's mother do to go to jail? Pushes Alba down the stairs
2%
No matching quizzes found
Score Distribution
Percent of People with Each Score
Percentile by Number Answered
Your Score History
You have not taken this quiz